Sports Quiz

Random Sports or WWE Quiz

Complete the Card: Unforgiven 2008 Quiz Stats

 Plays Quiz not verified by Sporcle

Score 0/23 Timer 03:00
0 Plays Today
Match Type Wrestler % Correct
Match 4 - Championship Scramble for the WWE ChampionshipTriple H
92.7%
Match 1 - Championship Scramble for the ECW ChampionshipMatt Hardy
92.3%
Match 4 - Championship Scramble for the WWE ChampionshipJeff Hardy
91.8%
Match 6 - Championship Scramble for the World Heavyweight ChampionshipKane
91%
Match 3 - Unsanctioned Street FightShawn Michaels
90.6%
Match 3 - Unsanctioned Street FightChris Jericho
90.6%
Match 6 - Championship Scramble for the World Heavyweight ChampionshipChris Jericho
90.6%
Match 1 - Championship Scramble for the ECW ChampionshipMark Henry
88.8%
Match 6 - Championship Scramble for the World Heavyweight ChampionshipBatista
86.3%
Match 4 - Championship Scramble for the WWE ChampionshipMontel Vontavious Porter
82%
Match 5 - Singles Match for the WWE Divas ChampionshipMichelle McCool
81.1%
Match 1 - Championship Scramble for the ECW ChampionshipFinlay
79.4%
Match Type Wrestler % Correct
Match 6 - Championship Scramble for the World Heavyweight ChampionshipJohn Bradshaw Layfield
79.4%
Match 6 - Championship Scramble for the World Heavyweight ChampionshipRey Mysterio
79.4%
Match 1 - Championship Scramble for the ECW ChampionshipThe Miz
79%
Match 4 - Championship Scramble for the WWE ChampionshipBrian Kendrick
78.5%
Match 4 - Championship Scramble for the WWE ChampionshipShelton Benjamin
76.8%
Match 1 - Championship Scramble for the ECW ChampionshipChavo Guerrero
74.7%
Match 2 - Tag Team Match for the World Tag Team ChampionshipCody Rhodes
73%
Match 2 - Tag Team Match for the World Tag Team ChampionshipTed DiBiase
71.2%
Match 2 - Tag Team Match for the World Tag Team ChampionshipShad
64.4%
Match 2 - Tag Team Match for the World Tag Team ChampionshipJTG
63.9%
Match 5 - Singles Match for the WWE Divas ChampionshipMaryse
62.7%

You're not logged in!

Compare scores with friends on all Sporcle quizzes.
OR
Log In

Show Comments

Extras

Top Quizzes Today


Score Distribution

Your Account Isn't Verified!

In order to create a playlist on Sporcle, you need to verify the email address you used during registration. Go to your Sporcle Settings to finish the process.

Report this User

Report this user for behavior that violates our Community Guidelines.

Details: